Statistiche per Calciatori Inter 2005-2022

Clicka qui per fare il quiz!

Statistiche generali

  • Questo quiz è stato fatto 782 volte
  • Il punteggio medio è 80 su 189

Statistiche sulle risposte

RuoloNazionalitàGiocatore% Corretto
PSloveniaSamir Handanovič
97%
PBrasileJúlio César
92%
ABelgioRomelu Lukaku
92%
CItaliaCristiano Zanetti
90%
DArgentinaJavier Zanetti
90%
AArgentinaLautaro Martínez
89%
AArgentinaDiego Milito
88%
ABosnia ErzegovinaEdin Džeko
83%
DSlovacchiaMilan Škriniar
83%
CCroaziaMarcelo Brozović
82%
CItaliaNicolò Barella
82%
DOlandaStefan de Vrij
82%
ACamerunSamuel Eto'o
81%
DItaliaAlessandro Bastoni
79%
ACileAlexis Sánchez
79%
PItaliaFrancesco Toldo
79%
PRomaniaIonuț Radu
79%
ASveziaZlatan Ibrahimović
79%
AArgentinaMauro Icardi
78%
DGiapponeYūto Nagatomo
77%
DArgentinaWalter Samuel
76%
CArgentinaEsteban Cambiasso
75%
AMacedoniaGoran Pandev
75%
DItaliaMarco Materazzi
75%
DMaroccoAchraf Hakimi
74%
CCileArturo Vidal
74%
CSerbiaDejan Stanković
74%
CCroaziaIvan Perišić
74%
DBrasileLúcio
73%
CTurchiaHakan Çalhanoğlu
72%
COlandaWesley Sneijder
72%
DRomaniaCristian Chivu
71%
DColombiaIván Córdoba
70%
AAustriaMarko Arnautović
70%
DItaliaFederico Dimarco
68%
AArgentinaJoaquín Correa
68%
DBrasileMaicon
67%
DItaliaMatteo Darmian
67%
DItaliaAndrea Ranocchia
65%
CDanimarcaChristian Eriksen
65%
DItaliaDanilo D'Ambrosio
65%
AMontenegroStevan Jovetić
65%
COlandaDenzel Dumfries
64%
AItaliaMario Balotelli
64%
CUruguayMatías Vecino
64%
PItaliaDaniele Padelli
61%
CItaliaRoberto Gagliardini
61%
CFrancia - Repubblica CentrafricanaGeoffrey Kondogbia
60%
AArgentinaRodrigo Palacio
59%
CCroaziaMateo Kovačić
58%
CGhanaSulley Muntari
58%
PArgentinaJuan Pablo Carrizo
57%
CAlbania - Kosovo - SvizzeraXherdan Shaqiri
56%
AItaliaAntonio Cassano
55%
CColombiaFredy Guarín
55%
DBrasileMiranda
54%
ABrasileAdriano
53%
DPortogalloJoão Cancelo
53%
AGermaniaLukas Podolski
53%
CCileGary Medel
52%
CGermaniaRobin Gosens
52%
CSerbiaZdravko Kuzmanović
52%
DSerbiaNemanja Vidić
51%
ANigeriaObafemi Martins
51%
CBelgioRadja Nainggolan
51%
AUruguayDiego Forlán
50%
CItaliaAntonio Candreva
48%
CInghilterraAshley Young
48%
CPortogalloJoão Mário
48%
CPortogalloLuís Figo
48%
AItaliaSebastiano Esposito
48%
CBrasile - ItaliaThiago Motta
48%
DUruguayDiego Godín
47%
AArgentinaHernán Crespo
47%
AArgentinaJulio Ricardo Cruz
47%
DItaliaDavide Santon
46%
ABrasile - ItaliaÉder
46%
DBrasileJonathan
46%
AEcuadorFelipe Caicedo
45%
ABrasileGabriel Barbosa
45%
CArgentinaRicardo Álvarez
45%
AUruguayÁlvaro Recoba
44%
AItaliaAndrea Pinamonti
44%
DColombiaJeison Murillo
44%
CSpagnaBorja Valero
43%
AItaliaGiampaolo Pazzini
43%
DGhanaKwadwo Asamoah
43%
CFranciaPatrick Vieira
43%
CKenyaMcDonald Mariga
42%
CNigeriaJoel Obi
41%
DBrasileJuan Jesus
41%
CItaliaStefano Sensi
41%
CArgentinaEzequiel Schelotto
40%
DArgentinaHugo Campagnaro
40%
CPortogalloRicardo Quaresma
40%
CBrasileCésar
39%
AHondurasDavid Suazo
39%
PItaliaLuca Castellazzi
39%
CItaliaAndrea Poli
38%
AAlgeriaIshak Belfodil
38%
PItaliaPaolo Orlandoni
37%
ASenegalKeita Baldé
35%
AUruguayMartín Satriano
35%
AArgentinaPablo Osvaldo
35%
CBrasilePhilippe Coutinho
35%
CInghilterra - NigeriaVictor Moses
35%
DUruguayÁlvaro Pereira
34%
DBrasileDodô
34%
DArgentinaNicolás Burdisso
34%
CAlgeriaSaphir Taïder
34%
DSerbiaAleksandar Kolarov
33%
CUruguayWalter Gargano
33%
CFranciaYann M'Vila
33%
AItaliaTommaso Rocchi
32%
CBrasileHernanes
31%
CFranciaJonathan Biabiany
31%
DBrasileRolando
31%
ASerbiaAdem Ljajić
30%
DItaliaLeonardo Bonucci
30%
AItaliaMatteo Politano
30%
DItaliaCristiano Biraghi
29%
CFrancia - MaroccoHoussine Kharja
29%
DItaliaMarco Andreolli
29%
CAustriaValentino Lazaro
29%
DBrasileDalbert
28%
CArgentinaÉver Banega
28%
CArgentinaJuan Sebastián Verón
28%
CBrasileMancini
28%
CBrasile - SpagnaRafinha
28%
AAlbaniaRey Manaj
28%
DCroaziaŠime Vrsaljko
28%
CBrasileFelipe Melo
27%
DItaliaFabio Grosso
26%
DSpagnaMartín Montoya
26%
CBrasileMaxwell
26%
DSerbiaSiniša Mihajlović
26%
ACroaziaMarko Livaja
25%
DPortogalloCédric Soares
24%
AArgentinaMauro Zárate
24%
CSloveniaRene Krhin
24%
DBrasileAlex Telles
23%
ARomaniaGeorge Pușcaș
23%
AFranciaYann Karamoh
23%
CCileDavid Pizarro
22%
AArgentinaRubén Botta
22%
DAustraliaTrent Sainsbury
22%
DBrasileFelipe
21%
DColombiaNelson Rivas
21%
CFranciaOlivier Dacourt
21%
CArgentinaSantiago Solari
21%
CItaliaAngelo Palombo
19%
CCosta D'AvorioAssane Gnoukouri
19%
DArgentinaLisandro López
19%
AItaliaSamuele Longo
19%
AOlandaLuc Castaignos
18%
CFranciaLucien Agoumé
18%
CPortogalloManiche
18%
DBrasileWallace
18%
DArgentinaCristian Ansaldi
17%
DItaliaDavide Faraoni
17%
DItaliaGiuseppe Favalli
17%
DSenegalIbrahima Mbaye
17%
DArgentinaMatías Silvestre
17%
CBrasilePelé
17%
ANigeriaVictor Obinna
17%
CBelgioGaby Mudingayi
16%
AItaliaFederico Bonazzoli
15%
CArgentinaKily González
15%
CCileLuis Antonio Jiménez
15%
DBrasileZé Maria
15%
CArgentinaMariano González
14%
CGhanaAlfred Joseph Duncan
13%
DCamerunPierre Womé
12%
CItaliaMarco Benassi
11%
ARomaniaDenis Alibec
10%
DBelgio - Repubblica del CongoSenna Miangue
10%
DGhanaIsaac Donkor
9%
AGreciaLampros Choutos
9%
CItaliaLorenzo Crisetig
8%
CItaliaFrancesco Bolzoni
7%
DItaliaLorenzo Pirola
7%
CSerbiaAlen Stevanović
6%
DAustriaLukas Spendlhofer
6%
AItaliaFrancesco Forte
5%
AItaliaLuca Garritano
5%
DItaliaSimone Pasa
5%
CTunisiaTijani Belaid
5%
CBelgio - MaroccoIbrahim Maaroufi
4%
CNigeriaNwankwo Obiora
4%

Distribuzione punteggi

Percentile per numero di risposta

Percentuale di utenti per punteggio

I tuoi punteggi nel tempo

Non hai fatto questo quiz